000 00300nam a22001337a 4500
008 181010b xxu||||| |||| 00| 0 eng d
020 _a155542077-X
041 _aeng
080 _a159.9
100 _a48
101 _aPSI
245 _aThe Sexual Abuse of Children
_cHaugaard,J.J
942 _2udc
_cBK
999 _c49269
_d49269